Intergovernmental Organizations Multiple Choice Quiz - Statistics

General Stats
  • This quiz has been taken 82 times
  • The average score is 8 of 12
Answer Stats
Question Answer % Correct
ASEAN
100%
BRICS
100%
Organization of Turkic States
100%
Five Eyes
100%
Commonwealth of Nations
83%
Gulf Cooperation Council
83%
European Union
67%
OPEC
67%
NATO
50%
Arab League
33%
East African Community
33%
Digital Nations
17%
No matching quizzes found
Score Distribution
Percent of People with Each Score
Percentile by Number Answered
Your Score History
You have not taken this quiz